Teleny, or the *reverse of the medal.

Na minha lista:
Detalhes bibliográficos
Autor principal: Wilde, Oscar (Author)
Formato: Livro
Idioma:inglês
Publicado em: Ware : Wordsworth Classics, 1995
Colecção:Wordsworth Classic erotica
Tags: Adicionar Tag
Sem tags, seja o primeiro a adicionar uma tag!

MARC

LEADER 00000nam a22000007i 4500
001 IT\ICCU\UBO\3140251
003 ItRI
005 20260115231836.0
008 070206s1995 xxk|||||| ||||| |||||c
020 |a 1853266108 
040 |b ita  |c importazione bologna sebina 
041 7 |a eng  |2 ISO-639-2 
100 1 |a Wilde, Oscar  |0 IT\ICCU\CFIV\000261  |4 aut 
245 1 0 |a Teleny, or the *reverse of the medal. 
260 |a Ware :  |b Wordsworth Classics,  |c 1995 
300 |a 158 p. ;  |c 20 cm. 
790 0 |a C.3.3.  |3 IT\ICCU\BVEV\134340  |z Wilde, Oscar 
790 1 |a Wilde, Oscar Fingal OʼFlaherty Wills  |3 IT\ICCU\FERV\075121  |z Wilde, Oscar 
830 0 |a Wordsworth Classic erotica  |0 IT\ICCU\UBO\3140267 
942 |2 ddc  |c BK  |n 0 
952 |0 0  |1 0  |4 0  |6 DOC_823_912000000000000_TEL  |7 0  |9 14010  |a BO  |b BO  |d 2026-01-15  |i 10671  |l 0  |o DOC 823.912 TEL  |p BO10671  |r 2026-01-15 23:18:36  |w 2026-01-15  |x [Sebina 5] [1 v.]  |y BK  |z 1 v. 
999 |c 12069  |d 12069